000 00321nam a2200133Ia 4500
008 240624s9999 xx 000 0 und d
041 _aeng
082 _a823 SHE
100 _aSHELDON SIDNEY
245 _aWINDMILLS OF THE GODS
260 _c2001
_aNew York
_bWarner Books
300 _axiii, 433 p.; 17 cm.
365 _c
999 _c30752
_d30752